States of the German Empire (With Maps) - Statistics

General Stats
  • This quiz has been taken 208 times
  • The average score is 14 of 26
Answer Stats
Picture Answer % Correct
Kingdom of Prussia
99%
Kingdom of Bavaria
97%
Kingdom of Saxony
91%
Grand Duchy of Baden
80%
Free and Hanseatic City of Hamburg
73%
Grand Duchy of Hesse
73%
Free Hanseatic City of Bremen
67%
Kingdom of Württemberg
65%
Grand Duchy of Mecklenburg-Schwerin
64%
Grand Duchy of Mecklenburg-Strelitz
64%
Grand Duchy of Oldenburg
60%
Free and Hanseatic City of Lübeck
56%
Duchy of Anhalt
55%
Imperial Territory of Alsace-Lorraine
52%
Duchy of Saxe-Weimar-Eisenach
45%
Duchy of Saxe-Coburg and Gotha
44%
Duchy of Brunswick
41%
Duchy of Saxe-Altenburg
39%
Duchy of Saxe-Meiningen
38%
Principality of Lippe
37%
Principality of Schaumburg-Lippe
35%
Principality of Reuss-Gera
33%
Principality of Reuss-Greiz
33%
Principality of Waldeck and Pyrmont
28%
Principality of Schwarzburg-Rudolstadt
27%
Principality of Schwarzburg-Sondershausen
27%
No matching quizzes found
Score Distribution
Percent of People with Each Score
Percentile by Number Answered
Your Score History
You have not taken this quiz